Ploegen Eredivisie - Sudden Death - Ploegen 2023 2024 - Statistieken

Algemene statistieken
  • Deze quiz is 67 keer genomen
  • De gemiddelde score is 8 van 18
Answers on the Grid
Answers color-coded by a green-red scale on the quiz's grid according to % correct below.
Feyenoord
NAC
FC Twente
AZ
Heracles
De Graafschap
Volendam
PEC Zwolle
Roda
PSV
Sparta
FC Utrecht
Excelsior
SC Heerenveen
VVV
Fortuna Sittard
Almere City
MVV
Vitesse
RKC
Go Ahead Eagles
ADO
FC Volendam
Ajax
Fc Dordrecht
NEC
 
Antwoordstatistieken
Antwoord % Correct
Feyenoord
100%
AZ
65%
PSV
65%
Ajax
60%
FC Twente
60%
FC Utrecht
55%
Go Ahead Eagles
45%
Heracles
45%
NEC
45%
SC Heerenveen
40%
Sparta
40%
Almere City
35%
Fortuna Sittard
30%
PEC Zwolle
30%
RKC
30%
Excelsior
25%
FC Volendam
25%
Vitesse
25%
Geen overeenkomende quizzen gevonden
Scoreverdeling
Procent van Mensen met Elke Score
Percentiel versus Aantal Correcte Antwoorden
Uw Scoregeschiedenis
U heeft deze quiz nog niet genomen